Pabellón de reposo
Saved in:
| Hovedforfatter: | |
|---|---|
| Format: | Bog |
| Sprog: | spansk |
| Udgivet: |
Barcelona
Destino
1990
|
| Udgivelse: | 4a. ed |
| Serier: | Colección Destinolibro, 45
|
| Fag: | |
| Tags: |
Tilføj Tag
Ingen Tags, Vær først til at tagge denne postø!
|
MARC
| LEADER | 00000nam a2200000 a 4500 | ||
|---|---|---|---|
| 001 | UCX3935 | ||
| 003 | CL-VaPUC | ||
| 008 | 920121e19900000SP |||||||||||||||||spa|d | ||
| 082 | 0 | 4 | |a 863 |b CEL |2 21 |
| 100 | 0 | |a Cela, Camilo José |e author |9 320105 | |
| 245 | 1 | 0 | |a Pabellón de reposo |
| 250 | |a 4a. ed | ||
| 300 | |a 210 p | ||
| 942 | |c BK | ||
| 945 | |d 19920121 00:00:00 | ||
| 260 | |a Barcelona |b Destino |c 1990 | ||
| 650 | 0 | |a Novelas españolas |9 265052 | |
| 583 | |a last modification |c 19920121 00:00:00 |k Rodrigo Vera | ||
| 490 | 0 | |a Colección Destinolibro, 45 | |
| 999 | |c 224550 |d 224548 | ||
| 952 | |0 0 |1 0 |4 0 |6 863_000000000000000_CEL_1990 |7 0 |8 A |9 221247 |a BIBEDU |b BIBEDU |d 2019-11-15 |i 2900335 |o 863 CEL 1990 |p 2900335 |r 2019-11-15 |w 2019-11-15 |y BK |k LIT | ||